[Event "Reykjavik op"]
[Site "Reykjavik"]
[Date "1990.??.??"]
[Round "11"]
[White "Tukmakov, Vladimir B"]
[Black "Bjornsson, Tomas"]
[Result "1-0"]
[WhiteElo "2570"]
[BlackElo "2300"]

1.d4 Nf6 2.c4 e6 3.g3 Bb4+ 4.Bd2 Qe7 5.Nf3 Nc6 6.Nc3 Bxc3 7.Bxc3 Ne4 8.Rc1 O-O
9.Bg2 d6 10.d5 Nxc3 11.Rxc3 Nd8 12.Qc2 e5 13.c5 dxc5 14.Rxc5 c6 15.O-O Bg4
16.Rc4 Bd7 17.d6 Qf6 18.Rd1 Re8 19.h4 Qg6 20.Qc3 f6 21.Nd2 Qf7 22.Qc2 Rc8
23.b4 Rb8 24.b5 Qf8 25.Nb3 cxb5 26.Rc7 Bc6 27.Nc5 Nf7 28.Bxc6 bxc6 29.Nd7  1-0

[Event "Rotterdam knok"]
[Site "Rotterdam"]
[Date "1990.??.??"]
[Round "1"]
[White "Vanheste, Jeroen"]
[Black "Van der Wiel, John TH"]
[Result "1/2-1/2"]
[WhiteElo "2380"]
[BlackElo "2550"]

1.d4 Nf6 2.c4 e6 3.g3 Bb4+ 4.Bd2 Be7 5.Bg2 d5 6.Nf3 O-O 7.O-O c6 8.Qb3 Ne4
9.Bb4 c5 10.Ba3 Nc6 11.cxd5 exd5 12.dxc5 Na5 13.Qc2 Nc4 14.Nfd2 Nxa3 15.Nxa3 Nxc5
16.Nb5 Be6 17.b4 Nd7 18.a3 Qb6 19.Nc3 Bf6 20.Rac1 Rac8 21.Qd3 Bxc3 22.Rxc3 Ne5
23.Qc2 Qa6 24.Bxd5 Rxc3 25.Qxc3 Bxd5 26.Qxe5 Bc6 27.e4 Qd3 28.Qf4 Rd8 29.Nf3 f6
30.Re1 Qxa3 31.b5 Bxb5 32.Qc7 Qd6 33.Qxb7 a6 34.Rc1 h6 35.Kg2 Qd3 36.Nh4 Rd7
37.Qa8+ Rd8 38.Qb7 Rd7 39.Qa8+ Rd8 40.Qb7 Rd7  1/2-1/2

[Event "Washington op"]
[Site "Washington"]
[Date "1990.??.??"]
[Round "?"]
[White "Gurevich, Dmitry"]
[Black "Delaune, Richard K"]
[Result "1-0"]
[WhiteElo "2470"]
[BlackElo "2360"]

1.d4 Nf6 2.c4 e6 3.g3 Bb4+ 4.Nd2 c5 5.a3 Bxd2+ 6.Qxd2 cxd4 7.Nf3 Qc7 8.Qxd4 Nc6
9.Qc3 d6 10.Bg2 O-O 11.O-O Bd7 12.b3 Rac8 13.Bb2 Ne7 14.Rfd1 b5 15.Qd2 bxc4
16.Bxf6 gxf6 17.Qxd6 Qxd6 18.Rxd6 Be8 19.b4 Rc7 20.Rc1 Nd5 21.Nd2 Nb6 22.Ne4 Kg7
23.Nc5 Bb5 24.e4 Rfc8 25.Bf1 Kf8 26.Rd2 Ke7 27.Rdc2 Kd6 28.f3 Ke7 29.Kf2 Rd8
30.Ra2 Rd4 31.Ke3 e5 32.a4 Be8 33.a5 Nd7 34.Na6 Rc8 35.Rd2 Rxd2 36.Kxd2 Nb8
37.Nxb8 Rxb8 38.Kc3 Bb5 39.Rd1 f5 40.Rd5 f6 41.Bxc4 Bxc4 42.Kxc4 fxe4 43.fxe4 Rb7
44.b5 Ke6 45.Rc5  1-0

[Event "Washington op"]
[Site "Washington"]
[Date "1990.??.??"]
[Round "?"]
[White "Gurevich, Dmitry"]
[Black "Ivanov, Alexander"]
[Result "0-1"]
[WhiteElo "2470"]
[BlackElo "2520"]

1.d4 Nf6 2.c4 e6 3.g3 Bb4+ 4.Nd2 c5 5.a3 Bxd2+ 6.Qxd2 Nc6 7.dxc5 Ne4 8.Qc2 Qa5+
9.Bd2 Nxd2 10.Qxd2 Qxc5 11.Rc1 a5 12.Nf3 O-O 13.Bg2 b5 14.Ng5 bxc4 15.Ne4 Qb6
16.Rxc4 Ne5 17.Rc5 d5 18.Qc3 Qb8 19.Nd2 Ba6 20.f4 Nd7 21.Rc7 Qb6 22.Rc6 Qb5
23.O-O Rfc8 24.Rc1 Rxc6 25.Qxc6 Rc8 26.Qxc8+ Bxc8 27.Rxc8+ Nf8 28.Bf1 Qxb2
29.Nf3 Qxa3 30.Ne5 Qd6 31.e3 f6 32.Nc6 Qc5 33.Kf2 a4 34.Rc7 Kh8 35.Rf7 a3  0-1

[Event "Acasusso op"]
[Site "Acasusso"]
[Date "1991.??.??"]
[Round "4"]
[White "Perez, R."]
[Black "Fernandez Murga, Roberto"]
[Result "0-1"]
[WhiteElo "2265"]
[BlackElo "2250"]

1.d4 Nf6 2.c4 e6 3.g3 Bb4+ 4.Bd2 Bxd2+ 5.Qxd2 d6 6.Nf3 Ne4 7.Qe3 f5 8.Nc3 Nxc3
9.Qxc3 O-O 10.Bg2 Qe7 11.O-O Nd7 12.Rad1 a5 13.Rd2 c6 14.Rfd1 Re8 15.Qc2 e5
16.dxe5 dxe5 17.Qxf5 Nf6 18.Qg5 h6 19.Qg6 e4 20.Nh4 e3 21.fxe3 Qxe3+ 22.Kh1 Be6
23.Nf5 Bxf5 24.Qxf5 Re5 25.Qf3 Rae8 26.Qxe3 Rxe3 27.Re1 a4 28.Kg1 R8e5 29.Rd8+ Kf7
30.Rb8 Re7 31.Kf1 Ng4 32.h3 Ne5 33.Kf2 Nd3+ 34.exd3 Rxe1 35.Ra8 R1e2+ 36.Kg1 Rxb2
37.Be4 Rxa2 38.h4 Kf6 39.Rf8+ Ke5 40.Rd8 a3 41.Bg6 Kf6 42.Be4 Rxe4 43.dxe4 Rb2  0-1

[Event "Aix les Bains"]
[Site "Aix les Bains"]
[Date "1991.??.??"]
[Round "6"]
[White "Tukmakov, Vladimir B"]
[Black "Dorfman, Josif D"]
[Result "1/2-1/2"]
[WhiteElo "2520"]
[BlackElo "2575"]

1.d4 Nf6 2.c4 e6 3.g3 Bb4+ 4.Bd2 Be7 5.Bg2 d5 6.Nf3 O-O 7.O-O c6 8.Bf4 b6
9.Ne5 Nfd7 10.cxd5 cxd5 11.e4 Nxe5 12.exd5 Ng6 13.d6 Bf6 14.Be3 Ba6 15.Bxa8 Bxf1
16.Kxf1 Qxd6 17.Bg2 Ne7 18.Nc3 Nf5 19.Ne4 Nxe3+ 20.fxe3 Qd8 21.Rc1 Be7 22.Qc2 Qd7
23.Kg1 Rd8 24.a3 h6 25.Qc4 Kh7 26.Rc3 Kg8 27.b4 a6 28.Bf3 Kh7 29.Kg2 Kg8
30.Nd2 Bd6 31.Ne4 Be7 32.Rc2 Kf8 33.h4 Qa4 34.Rc3 a5 35.bxa5 Qxa5 36.a4 Nd7
37.Qb5 Qxb5 38.axb5 e5 39.Rc6 exd4 40.exd4 Nf6 41.Nc3 Rxd4 42.Rxb6 Rd2+ 43.Ne2 g5
44.hxg5 hxg5 45.g4 Nxg4 46.Bxg4 f5 47.Bh5 g4 48.Re6 Rb2 49.Re5 Bf6 50.Re6 Kg7
51.b6 Bd8 52.Bxg4  1/2-1/2

[Event "Andorra op"]
[Site "Andorra"]
[Date "1991.??.??"]
[Round "?"]
[White "Marin, Mihail"]
[Black "Slipak, Sergio"]
[Result "1/2-1/2"]
[WhiteElo "2535"]
[BlackElo "2415"]

1.d4 Nf6 2.c4 e6 3.g3 Bb4+ 4.Bd2 Qe7 5.Nf3 Nc6 6.Bg2 Bxd2+ 7.Nbxd2 d6 8.O-O O-O
9.e4 e5 10.d5 Nb8 11.Ne1 a5 12.Nd3 Na6 13.f4 Nd7 14.Qf3 Ndc5 15.fxe5 dxe5
16.Rf2 Bd7 17.Rc1 f5 18.Rcf1 Nb4 19.Nc1 f4 20.gxf4 Rxf4 21.Qg3 Rxf2 22.Rxf2 Ra6
23.Qc3 Rg6 24.a3 Na4 25.Qb3 Nc5 26.Qc3 Na4 27.Qb3 Nc5 28.Qc3  1/2-1/2

[Event "AUT-chT"]
[Site "?"]
[Date "1991.??.??"]
[Round "?"]
[White "Hoelzl, Franz"]
[Black "Gerhold, Michael"]
[Result "1-0"]
[WhiteElo "2390"]
[BlackElo "2250"]

1.d4 Nf6 2.c4 e6 3.g3 Bb4+ 4.Bd2 c5 5.Bxb4 cxb4 6.Bg2 O-O 7.Nf3 d6 8.Nbd2 Nc6
9.Nf1 Qa5 10.Ne3 b3+ 11.Qd2 Qxd2+ 12.Nxd2 bxa2 13.Nc2 e5 14.d5 Ne7 15.Rxa2 b6
16.O-O Bb7 17.e4 Nd7 18.Bh3 Rfd8 19.f4 a5 20.Bxd7 Rxd7 21.Ne3 Ng6 22.f5 Nf8
23.c5 dxc5 24.Nec4 b5 25.Nb6 Ra6 26.Nxd7 Nxd7 27.b3 a4 28.bxa4 bxa4 29.Rb1 Bc8
30.Nc4 g6 31.fxg6 hxg6 32.Rba1 Nb6 33.Nxe5 Bh3 34.Nd3 Ra5 35.Rb1 Nd7 36.Nf2  1-0

[Event "URS Spartakiada (Women)"]
[Site "Azov"]
[Date "1991.??.??"]
[Round "3"]
[White "Strutinskaya, Galina N"]
[Black "Sakhatova, Elvira"]
[Result "1/2-1/2"]
[WhiteElo "2260"]
[BlackElo "2235"]

1.d4 Nf6 2.c4 e6 3.g3 Bb4+ 4.Nd2 d5 5.Bg2 O-O 6.Nf3 c5 7.dxc5 dxc4 8.O-O Bxc5
9.Qc2 Nc6 10.Nxc4 Qe7 11.a3 a5 12.Bd2 Rd8 13.Rac1 Nd7 14.Ng5 f5 15.Bxc6 bxc6
16.Nxa5 Rf8 17.b4 Rxa5 18.bxa5 Ba6 19.Rfe1 h6 20.Nf3 Bxa3 21.Qxc6 Bxc1 22.Qxa6 Bxd2
23.Nxd2 f4 24.Ne4 fxg3 25.hxg3 Nf6 26.Qd6 Qa7 27.Qxe6+ Kh8 28.Qd6 Rf7 29.Qd8+ Kh7
30.Nxf6+ Rxf6 31.e3 Qf7 32.Qd3+ g6 33.Re2 h5 34.Rb2 Qc7 35.Rb5 Qc1+ 36.Kg2 Qc6+
37.e4 Rf7 38.Rb6 Qc5 39.Qd2 Qa3 40.f4 Qa4 41.e5 Qe4+ 42.Kh2 Rc7 43.Rb2 h4
44.gxh4 Qf3 45.a6 Rc3 46.Rb7+ Kh6 47.f5+ Re3 48.Rb3 Qf4+ 49.Kg1 Rg3+ 50.Rxg3 Qxd2
51.fxg6 Qe1+ 52.Kg2 Qe2+ 53.Kh3  1/2-1/2

[Event "Baden-Baden op"]
[Site "Baden-Baden"]
[Date "1991.??.??"]
[Round "6"]
[White "Kachiani Gersinska, Ketino"]
[Black "Polzin, Rainer"]
[Result "1-0"]
[WhiteElo "2360"]
[BlackElo "2280"]

1.d4 Nf6 2.c4 e6 3.g3 Bb4+ 4.Bd2 c5 5.Bxb4 cxb4 6.Bg2 O-O 7.Nf3 d6 8.Nbd2 Qc7
9.O-O e5 10.e4 Bg4 11.d5 Bxf3 12.Qxf3 Na6 13.a3 bxa3 14.Rxa3 Nb4 15.Rc1 Nd7
16.h4 a5 17.Bh3 Nc5 18.Nf1 Rab8 19.h5 f6 20.Rcc3 b5 21.cxb5 Rxb5 22.Ne3 Nba6
23.Bf1 Rb6 24.Rxa5 Nb4 25.Nf5 Rbb8 26.Qg4 Kh8 27.Rca3 Rf7 28.Ra8 Qd8 29.R8a7 Rbb7
30.Rxb7 Nxb7 31.Rb3 Nc2 32.Rc3 Nb4 33.Rc4 Na6 34.b4 Nc7 35.Rc6 Ne8 36.Nh4 Rc7
37.Ba6 Kg8 38.h6 g5 39.Qe6+ Kf8 40.Nf5 Qd7  1-0

[Event "Pan American"]
[Site "Bariloche"]
[Date "1991.??.??"]
[Round "10"]
[White "Minero Pineda, Sergio"]
[Black "Silva, Sebastain"]
[Result "0-1"]
[WhiteElo "2360"]
[BlackElo "2355"]

1.d4 Nf6 2.c4 e6 3.g3 Bb4+ 4.Bd2 c5 5.Nf3 Nc6 6.Bg2 O-O 7.O-O d6 8.Bf4 cxd4
9.a3 Ba5 10.b4 Bc7 11.b5 Na5 12.Nbd2 h6 13.Nb3 e5 14.Nxa5 Bxa5 15.Bd2 Be6
16.Rc1 Rc8 17.Qa4 Bxd2 18.Nxd2 Qb6 19.Qb4 Rc7 20.Nb3 Rfc8 21.Na5 d5 22.c5 Rxc5
23.Rxc5 Qxc5 24.Qa4 Rc7 25.Nb3 Qc4  0-1

[Event "Cansys"]
[Site "Budapest"]
[Date "1991.??.??"]
[Round "1"]
[White "Horvath, Jozsef"]
[Black "Atalik, Suat"]
[Result "1/2-1/2"]
[WhiteElo "2540"]
[BlackElo "2420"]

1.d4 Nf6 2.c4 e6 3.g3 Bb4+ 4.Bd2 Be7 5.Bg2 d5 6.Nf3 O-O 7.O-O c6 8.Qb3 Nbd7
9.Nc3 Nb6 10.c5 Nbd7 11.Qc2 b6 12.b4 a5 13.a3 Ba6 14.Rfe1 Bc4 15.h3 Qc8 16.Bf4 Qa6
17.Rab1 Ra7 18.g4 axb4 19.axb4 Rfa8 20.Nd2 bxc5 21.bxc5 e5 22.dxe5 Ne8 23.Ra1 Qxa1
24.Rxa1 Rxa1+ 25.Kh2 Nxc5 26.Nxc4 dxc4 27.Bxc6 Rc8 28.Nd5 Bf8 29.Bb5 Ne6
30.Be3 N8c7 31.Qxc4 Nxd5 32.Qxd5 Ra5 33.Bb6 Ra3 34.Bc4 Rxh3+ 35.Kg1 Rc3 36.Ba2 Bc5
37.Bxc5 R3xc5 38.Qd7 R5c7 39.Qd6 Rc6 40.Qe7 R6c7 41.Qb4 Rc2 42.Bxe6 fxe6
43.Qe7 R2c6 44.f4 g6 45.Qd7 h6 46.Kf2 Kh8 47.Kf3 Kg8 48.e3 Kh8 49.Kg3 R8c7
50.Qe8+ Kg7 51.Kf2 Ra6 52.Kf3 Rf7 53.Ke4 Rb6 54.Qc8 Rb4+ 55.Kf3 Rb6 56.Kg3 Kh7
57.Qe8 Kg7 58.Kf3 Ra6 59.Qc8 Rb6 60.Kg3 Kh7 61.Kh4 Kg7 62.Kg3  1/2-1/2

[Event "Spring op"]
[Site "Budapest"]
[Date "1991.??.??"]
[Round "2"]
[White "Raetsky, Alexander"]
[Black "Horvath, Istvan"]
[Result "1/2-1/2"]
[WhiteElo "2400"]
[BlackElo "2265"]

1.d4 Nf6 2.c4 e6 3.g3 Bb4+ 4.Bd2 c5 5.Bxb4 cxb4 6.Bg2 O-O 7.Nf3 d6 8.O-O Nc6
9.Nbd2 e5 10.Qc2 Bg4 11.Rfd1 Rc8 12.dxe5 dxe5 13.h3 Bxf3 14.Nxf3 Qe7 15.Qd2 Qc5
16.Qd6 Qxc4 17.Nxe5 Nxe5 18.Qxe5 b6 19.e3 h6 20.Rd4 Qe2 21.Rxb4 Rc2 22.Rf1 Rd8
23.Rd4 Re8 24.Qf5 Rc5 25.Qf4 Qxb2 26.a4  1/2-1/2

[Event "Schneider mem op"]
[Site "Budapest"]
[Date "1991.??.??"]
[Round "5"]
[White "Stajcic, Nikola"]
[Black "Shalnev, Nicolai"]
[Result "1/2-1/2"]
[WhiteElo "2345"]
[BlackElo "2335"]

1.d4 Nf6 2.c4 e6 3.g3 Bb4+ 4.Bd2 a5 5.Bg2 d6 6.Nf3 Nbd7 7.O-O Bxd2 8.Qxd2 O-O
9.Nc3 e5 10.e4 Re8 11.Rfe1 b6 12.Qc2 Bb7 13.d5 Nc5 14.b3 Qe7 15.a3 Reb8 16.b4 Ncd7
17.Nd2 Ne8 18.Nb3 axb4 19.axb4 Qd8 20.Nb5 c5 21.dxc6 Bxc6 22.Rxa8 Rxa8 23.Rd1 Qe7
24.Qd2 Bxb5 25.cxb5 Rc8 26.Rc1 Qd8 27.Bh3 Rxc1+ 28.Qxc1 Nb8 29.Qc4 Kf8 30.Nd2 Ke7
31.Nf1 Qc7 32.Qa2 Nf6 33.Ne3 g6 34.Nd5+ Nxd5 35.Qxd5 Qc1+ 36.Kg2 Qc7 37.Bg4 h5
38.Be2 Kf8 39.Bc4 Kg7 40.f4 exf4 41.gxf4 Qe7 42.Qd4+ Kg8 43.e5 Qb7+ 44.Bd5 dxe5
45.Qe4 Qd7 46.Qxg6+ Kf8 47.Qh6+ Ke7 48.Qg5+ Kf8 49.Qxe5 Qg4+ 50.Kf2 Qh4+
51.Kf1 Qh3+ 52.Bg2 Qd3+ 53.Kf2 Nd7 54.Qh8+ Ke7 55.Qxh5 Qd4+ 56.Kg3 Qc3+ 57.Qf3 Qg7+
58.Kf2 Kd8 59.Bh3 Qd4+ 60.Qe3 Qxb4 61.Bxd7 Kxd7 62.Qe5 Qd2+ 63.Kg3 Qd3+ 64.Kh4 f6
65.Qxf6 Qxb5 66.Qf7+ Kd6 67.Qg6+ Kd7 68.Qf7+ Kd6 69.Qg6+ Kd7 70.Qe4 Qc5 71.Kg4 Qg1+
72.Kf5 Qxh2 73.Qb7+  1/2-1/2

[Event "Honved"]
[Site "Budapest"]
[Date "1991.??.??"]
[Round "7"]
[White "Petrosian, Arshak B"]
[Black "Csom, Istvan"]
[Result "1-0"]
[WhiteElo "2505"]
[BlackElo "2460"]

1.d4 Nf6 2.c4 e6 3.g3 Bb4+ 4.Nd2 c5 5.a3 Bxd2+ 6.Qxd2 cxd4 7.Nf3 d5 8.cxd5 Qxd5
9.Qxd4 Nc6 10.Qxd5 Nxd5 11.b4 O-O 12.Bb2 Nb6 13.Rc1 Bd7 14.Bg2 Na4 15.Ne5 Rfd8
16.Nxd7 Rxd7 17.Ba1 Ne7 18.O-O f6 19.Rfd1 Rad8 20.Rxd7 Rxd7 21.f4 b5 22.Be4 Nb6
23.Bd3 a6 24.Kf2 h6 25.g4 Kf7 26.Kg3 Ned5 27.Bd4 Na4 28.Ba1 Ke7 29.h4 Rc7
30.Rxc7+ Nxc7 31.g5 Nd5 32.gxh6 gxh6 33.Bd4 Kf7 34.Kf3 Ndb6 35.h5 Nc4 36.Bxc4 bxc4
37.e4 Ke7 38.Ke3 Kf7 39.Kd2 Ke7 40.Kc2 Kf7 41.Be3 f5 42.exf5 exf5 43.Bd4 Ke8
44.Kd2 Kf7 45.Ke3 Ke6 46.Be5 Nb6 47.Kd4 Kf7 48.Kc5 Nd7+ 49.Kxc4  1-0

[Event "Buenos Aires Konex"]
[Site "Buenos Aires"]
[Date "1991.??.??"]
[Round "3"]
[White "Scarella, Enrique"]
[Black "Adla, Diego"]
[Result "0-1"]
[WhiteElo "2245"]
[BlackElo "2435"]

1.d4 e6 2.c4 Nf6 3.g3 Bb4+ 4.Bd2 Qe7 5.Nc3 O-O 6.Nf3 b6 7.Bg2 Bb7 8.Qc2 d6
9.O-O Nbd7 10.Rfe1 Bxc3 11.Bxc3 Be4 12.Qd2 c5 13.b3 Rfd8 14.Qb2 Rac8 15.Nd2 Bxg2
16.Kxg2 cxd4 17.Bxd4 e5 18.Bc3 d5 19.cxd5 Nxd5 20.Rac1 Rc6 21.e4 Nxc3 22.Rxc3 Nc5
23.Re2 Nd3 24.Qa1 Rg6 25.Kh1 Rgd6 26.Nf1 Qf6 27.Kg2 Qg6 28.Re3 h5 29.Rc7 h4
30.Rxd3 Qxe4+  0-1

[Event "Buenos Aires GP"]
[Site "Buenos Aires"]
[Date "1991.??.??"]
[Round "6"]
[White "Glavina, Pablo"]
[Black "Giardelli, Sergio C"]
[Result "1-0"]
[WhiteElo "2380"]
[BlackElo "2435"]

1.d4 Nf6 2.c4 e6 3.g3 Bb4+ 4.Bd2 c5 5.Bg2 Bxd2+ 6.Qxd2 cxd4 7.Nf3 Qc7 8.Na3 a6
9.Nxd4 O-O 10.O-O d6 11.Rfd1 Rd8 12.Rac1 Bd7 13.Nac2 Nc6 14.Ne3 Nxd4 15.Qxd4 Be8
16.Rc3 Rab8 17.Qf4 Ba4 18.Rd2 e5 19.Qg5 h6 20.Qh4 Bd7 21.g4 Bc6 22.g5 hxg5
23.Qxg5 Qa5 24.a3 Nh7 25.Qh4 Nf6 26.Nd5 Bxd5 27.Bxd5 b5 28.Rg3 Nxd5 29.Rxd5 Qe1+
30.Kg2 Qxe2 31.cxb5 axb5 32.Rdd3 Rdc8 33.Qf6 Kf8 34.Qxd6+ Kg8 35.Qf6 g6 36.Rdf3 Qc4
37.Rxg6+  1-0

[Event "Cappelle op"]
[Site "Cappelle la Grande"]
[Date "1991.??.??"]
[Round "?"]
[White "Kesmaecker, Philippe"]
[Black "Feller, Joseph"]
[Result "1-0"]
[WhiteElo "2220"]
[BlackElo "2225"]

1.d4 Nf6 2.c4 e6 3.g3 Bb4+ 4.Bd2 Bxd2+ 5.Nxd2 c5 6.dxc5 Na6 7.Bg2 Nxc5 8.b4 Na6
9.a3 O-O 10.Ngf3 b6 11.O-O Bb7 12.Qb3 d5 13.Rfd1 Qe7 14.Qb2 Rac8 15.Ne5 Rfd8
16.Rac1 Nb8 17.cxd5 Bxd5 18.Bxd5 Nxd5 19.Ndf3 h6 20.Nd4 Qf6 21.f4 g5 22.Rxc8 Rxc8
23.Ng4 Qg7 24.f5 exf5 25.Nxh6+ Qxh6 26.Nxf5 Qh8 27.Qxh8+ Kxh8 28.Rxd5 Nc6
29.Nd6  1-0

[Event "JUG-chT Cetinje"]
[Site "Cetinje"]
[Date "1991.??.??"]
[Round "4"]
[White "Razuvaev, Yuri S"]
[Black "Rajkovic, Dusan"]
[Result "1-0"]
[WhiteElo "2585"]
[BlackElo "2495"]

1.d4 Nf6 2.c4 e6 3.g3 Bb4+ 4.Bd2 Be7 5.Bg2 d5 6.Nf3 O-O 7.O-O Nbd7 8.Qc2 c6
9.Bf4 b6 10.Rd1 Bb7 11.Nc3 Rc8 12.Ne5 b5 13.Nxd7 Nxd7 14.c5 e5 15.dxe5 Nxc5
16.Be3 Qd7 17.f4 Rfe8 18.Kh1 Bf8 19.Bg1 Qe7 20.b4 Nd7 21.a3 a5 22.e4 f6 23.exd5 cxd5
24.Nxd5 Qf7 25.Qf5 fxe5 26.Ne7+ Qxe7 27.Bxb7 Rc7 28.Bd5+ Kh8 29.bxa5 Nf6
30.fxe5 Nxd5 31.Rxd5 Rd8 32.Rxb5 Rb7 33.Bb6 Ra8 34.Rf1 h6 35.e6 Qxa3 36.Bc5  1-0

[Event "Cheliabinsk-B"]
[Site "Cheliabinsk"]
[Date "1991.??.??"]
[Round "?"]
[White "Gleizerov, Evgeny"]
[Black "Shipov, Sergei"]
[Result "1-0"]
[WhiteElo "2510"]
[BlackElo "2450"]

1.d4 Nf6 2.c4 e6 3.g3 Bb4+ 4.Bd2 Be7 5.Bg2 d5 6.Nf3 O-O 7.O-O c6 8.Qc2 b6
9.b3 Ba6 10.Rd1 Nbd7 11.a4 Rc8 12.a5 b5 13.c5 Ne4 14.b4 Nxd2 15.Nbxd2 f5
16.Ne5 Rc7 17.f4 Bc8 18.e3 g5 19.h3 Nb8 20.Ndf3 Bf6 21.Kh2 Rg7 22.Nxg5 Bxg5
23.fxg5 Qxg5 24.Qf2 Bd7 25.Rf1 Be8 26.Qf4 Qxf4 27.exf4 Rc7 28.Rae1 Nd7 29.g4 Nf6
30.Bf3 Rg7 31.g5 Ne4 32.h4 Nd2 33.Rf2 Nxf3+ 34.Nxf3 Re7 35.Ne5 Rc7 36.Nd3 Bf7
37.h5 Re8 38.Rfe2 Kf8 39.g6 Bg8 40.a6 h6 41.Nc1 Rg7 42.Re5 Ree7 43.Nb3 Ke8
44.Na5 Kd7 45.Nb7 Re8 46.Nd6 Rf8 47.Kg3 Rf6 48.Kf3 Rf8 49.Ra1 Re7 50.Ra2 Rg7
51.Ke3 Re7 52.Kd3 Rg7 53.Ra5 Rb8 54.Ra1 Rf8 55.Rg1 Rf6 56.Ke2 Rf8 57.Kf3 Kd8
58.Re2 Kd7 59.Reg2 Ke7 60.Re1 Kd7 61.Nb7 Rf6 62.Na5 Rf8 63.Nb3 Ke7 64.Nc1 Rc8
65.Nd3 Kf8 66.Reg1 Rcc7 67.Ne5 Rc8 68.Rg3 Ke7 69.Kg2 Kf8 70.Kh3 Ke7 71.R3g2 Kf8
72.Re1 Rcc7 73.Rge2 Rge7 74.Nf7 Bxf7 75.gxf7 Kxf7 76.Rg2 Rc8 77.Reg1  1-0

[Event "Cheliabinsk-B"]
[Site "Cheliabinsk"]
[Date "1991.??.??"]
[Round "?"]
[White "Poluljahov, Aleksandr"]
[Black "Shipov, Sergei"]
[Result "1/2-1/2"]
[WhiteElo "2380"]
[BlackElo "2450"]

1.d4 Nf6 2.c4 e6 3.g3 Bb4+ 4.Nd2 d5 5.Nf3 O-O 6.Bg2 c5 7.cxd5 cxd4 8.Nxd4 Nxd5
9.O-O e5 10.N4f3 f6 11.Nc4 Nb6 12.Nxb6 Qxb6 13.Be3 Qa5 14.a3 Be7 15.b4 Qb5
16.Nd2 Kh8 17.Rb1 Rd8 18.a4 Qe8 19.b5 Nd7 20.a5 Bc5 21.Bxc5 Nxc5 22.Qc2 Ne6
23.e3 Bd7 24.Bxb7 Bxb5 25.Bxa8 Bxf1 26.Bc6 Bd3 27.Qxd3 Qxc6 28.Qc4 Qd7 29.Nf3 Rc8
30.Qb5 Qxb5 31.Rxb5 Kg8 32.Nd2 Kf8 33.Ne4 Ke7 34.g4 Kd7 35.Kg2 Rc4 36.Rd5+ Ke7
37.Kf3 a6  1/2-1/2

[Event "Cheliabinsk"]
[Site "Cheliabinsk"]
[Date "1991.??.??"]
[Round "?"]
[White "Ulibin, Mikhail"]
[Black "Savon, Vladimir A"]
[Result "1-0"]
[WhiteElo "2465"]
[BlackElo "2465"]

1.d4 Nf6 2.c4 e6 3.g3 Bb4+ 4.Bd2 a5 5.Bg2 d6 6.Nf3 Nbd7 7.O-O e5 8.Bg5 exd4
9.Nxd4 h6 10.Bf4 O-O 11.Nb5 Re8 12.a3 Bc5 13.N1c3 Nb6 14.b3 Nh5 15.Bc1 c6
16.Nd4 Nf6 17.h3 d5 18.cxd5 Nbxd5 19.Nxd5 cxd5 20.Bb2 Ne4 21.Rc1 Qe7 22.e3 Bd7
23.a4 Ra6 24.Rc2 Rg6 25.Ne2 Rd6 26.Nf4 b6 27.Qa1 f6 28.Rd1 Bf5 29.Re2 Qf7
30.Bd4 Bb4 31.g4 Bc8 32.f3 Nc5 33.Qb1 Ba6 34.Rf2 Nd7 35.h4 Bc5 36.Qc1 g5
37.Nh5 Rde6 38.e4 Bxd4 39.Rxd4 Nc5 40.Qc2 dxe4 41.fxe4 Bb7 42.hxg5 hxg5 43.e5 Bxg2
44.Nxf6+ Rxf6 45.Rxf6 Be4 46.Rxe4 Qxf6 47.exf6 Rxe4 48.Qd1 Kf7 49.Qd5+ Kxf6
50.Qd8+ Ke5 51.Qxb6 Rxg4+ 52.Kf1 Ne4 53.Qc7+ Kf5 54.Qxa5+ Kf4 55.Qb5 Rg3
56.a5 Rc3 57.a6 Rc1+ 58.Kg2 Rc2+ 59.Kg1 Ra2 60.a7  1-0

[Event "ITA-ch"]
[Site "Chianciano Terme"]
[Date "1991.??.??"]
[Round "?"]
[White "Manca, Federico"]
[Black "Vezzosi, Paolo"]
[Result "0-1"]
[WhiteElo "2420"]
[BlackElo "2325"]

1.d4 Nf6 2.c4 e6 3.g3 Bb4+ 4.Bd2 a5 5.Bg2 O-O 6.Nf3 d6 7.O-O Bxd2 8.Qxd2 Nbd7
9.Nc3 e5 10.Rac1 Re8 11.b3 h6 12.dxe5 dxe5 13.Nh4 Nc5 14.Qb2 c6 15.Rfd1 Qb6
16.Rd6 Be6 17.Rcd1 a4 18.Rb1 axb3 19.axb3 Qb4 20.Na2 Qxb3 21.Qxb3 Nxb3 22.Rxb3 Rxa2
23.h3 Re7 24.Rd8+ Kh7 25.Rb8 Ra1+ 26.Kh2 e4 27.g4 b5 28.Re3 Bxc4 29.f4 g5
30.fxg5 hxg5 31.Nf5 Re5 32.Kg3 Ra2 33.Nd4 c5 34.Nc6 Re6 35.Nd8 Re8 36.h4 Rxe2
37.Rxe2 Bxe2 38.hxg5 Nxg4 39.Kf4 e3 40.Be4+ Kg7 41.g6 Bc4 42.gxf7 Bxf7 43.Bf3 Ne5
44.Be2 c4 45.Kg5 Nd3  0-1

[Event "FRA-chT"]
[Site "FRA"]
[Date "1991.??.??"]
[Round "?"]
[White "Verat, Laurent"]
[Black "Levacic, Damir"]
[Result "1/2-1/2"]
[WhiteElo "2290"]
[BlackElo "2400"]

1.d4 Nf6 2.c4 e6 3.g3 Bb4+ 4.Nd2 d5 5.Nf3 O-O 6.Bg2 b6 7.O-O Bb7 8.Ne5 Qc8
9.Qa4 Bd6 10.Ndf3 c5 11.Be3 Na6 12.Rac1 Qe8 13.Qxe8 Rfxe8 14.dxc5 bxc5 15.Rfd1 Rab8
16.Bf4 d4 17.e3 Bxf3 18.Bxf3 g5 19.Ng4 Nxg4 20.Bxd6 Rb6 21.Bxc5 Nxc5 22.exd4 Rxb2
23.Bxg4 Ne4 24.Re1 Nxf2 25.Re2 Rxe2 26.Bxe2 Ne4 27.c5 Kf8 28.Ba6 Re7 29.Kf1 Rc7
30.Ke2 h5 31.Kd3 f5 32.Rb1 Nf6 33.Kc4 Nd5 34.Rb8+ Kg7 35.Re8 Kf7 36.Rh8 Kg6
37.Bb5 f4 38.gxf4 gxf4 39.Be8+ Kg7 40.Rxh5 f3 41.Kd3 Nf4+ 42.Ke3 Nxh5 43.Bxh5 Kf6
44.Bxf3 Rh7 45.Bd1 Rxh2 46.Bb3 Rh8 47.Kd3 Rb8 48.Kc4 Ke7 49.Ba4 Rh8 50.Bb5 Rh4
51.Kc3 Rh3+ 52.Kb4 Rh4 53.Kc3 a5 54.a4 Kd8 55.Bc6 Kc7 56.Bb5 Rh3+ 57.Kc4 Rh4  1/2-1/2

[Event "Peer Gynt"]
[Site "Gausdal"]
[Date "1991.??.??"]
[Round "8"]
[White "Vladimirov, Evgeny"]
[Black "Chekhov, Valery A"]
[Result "1/2-1/2"]
[WhiteElo "2580"]
[BlackElo "2525"]

1.d4 Nf6 2.c4 e6 3.g3 Bb4+ 4.Bd2 Be7 5.Bg2 d5 6.Nf3 O-O 7.O-O c6 8.Qc2 Nbd7
9.Bf4 b6 10.cxd5 cxd5 11.Rc1 Bb7 12.Bc7 Qe8 13.Nbd2 Rc8 14.Qb3 Nb8 15.Bxb8 Rxc1+
16.Rxc1 Qxb8 17.Qa4 Rc8 18.Rxc8+ Bxc8 19.e3  1/2-1/2

[Event "Regionalliga NordN"]
[Site "Germany"]
[Date "1991.??.??"]
[Round "?"]
[White "Steckner, Johannes"]
[Black "Schoof, Martin"]
[Result "0-1"]
[WhiteElo "2300"]
[BlackElo "2280"]

1.d4 Nf6 2.c4 e6 3.g3 Bb4+ 4.Bd2 a5 5.Bg2 d5 6.Qc2 O-O 7.Nf3 c5 8.Bxb4 axb4
9.dxc5 Qa5 10.Nbd2 Qxc5 11.O-O b5 12.b3 Ba6 13.Ne5 bxc4 14.bxc4 Rc8 15.Qb2 Ra7
16.cxd5 Nxd5 17.Ne4 Qc2 18.Qd4 Qc7 19.Ng5 Nc3 20.Kh1 f6 21.Bh3 fxe5 22.Bxe6+ Kh8
23.Qh4 h6 24.Nf7+ Kh7 25.Ng5+ Kh8 26.Qh5 Qe7 27.Nf7+ Kh7 28.Qf5+ g6 29.Qh3 Qf8
30.Nxh6 Qxh6 31.Bxc8 Bxe2 32.f4 Qxh3 33.Bxh3 Bxf1 34.Rxf1 e4 35.Be6 Nc6 36.Kg2 Nd4
37.Bc4 Nc2 38.Kf2 e3+ 39.Kf3 e2 40.Bxe2 Nd4+ 41.Ke3 Ncxe2  0-1

[Event "Groningen op"]
[Site "Groningen"]
[Date "1991.??.??"]
[Round "5"]
[White "Maiwald, Jens Uwe"]
[Black "De Boer, Gert Jan"]
[Result "0-1"]
[WhiteElo "2295"]
[BlackElo "2430"]

1.d4 Nf6 2.c4 e6 3.g3 Bb4+ 4.Bd2 Qe7 5.Bg2 Nc6 6.Nf3 Bxd2+ 7.Nbxd2 d6 8.e4 e5
9.d5 Nb8 10.O-O a5 11.Ne1 h5 12.Nef3 Bg4 13.Qb3 b6 14.c5 dxc5 15.Nxe5 Qxe5
16.Nc4 a4 17.Qc2 Qg5 18.f4 Qh6 19.e5 Nh7 20.d6 Ra7 21.dxc7 Rxc7 22.Nd6+ Ke7
23.f5 h4 24.Qc4 hxg3 25.h3 Bxh3 26.f6+ gxf6 27.Bxh3 Qxh3  0-1

[Event "Hartberg op"]
[Site "Hartberg"]
[Date "1991.??.??"]
[Round "7"]
[White "Gyorkos, Lajos"]
[Black "Gaertner, Guntram"]
[Result "1-0"]
[WhiteElo "2440"]
[BlackElo "2265"]

1.d4 Nf6 2.c4 e6 3.g3 Bb4+ 4.Bd2 a5 5.Bg2 O-O 6.Nf3 d6 7.O-O Bxd2 8.Qxd2 Qe7
9.Nc3 c6 10.e4 e5 11.b3 Re8 12.Rfe1 Nbd7 13.Rad1 Nf8 14.h3 Ng6 15.Nh2 h5
16.h4 Ng4 17.Nf1 Nf8 18.d5 c5 19.a3 Bd7 20.Rb1 b6 21.b4 axb4 22.axb4 Reb8
23.Rb2 Qd8 24.Reb1 Nf6 25.Ne3 Ne8 26.Rb3 Nc7 27.bxc5 bxc5 28.Nb5 Rb6 29.Qd1 g6
30.Nxc7 Rxb3 31.Nxa8 Rxb1 32.Qxb1 Qxa8 33.Qb6 Qa1+ 34.Nf1 Qd4 35.Qxd6 f5
36.Ne3 fxe4 37.Qf6 Bg4 38.Kh2 Be2 39.Bh3 Bxc4 40.Be6+ Nxe6 41.dxe6  1-0

[Event "Helsingborg-A"]
[Site "Helsingborg"]
[Date "1991.??.??"]
[Round "?"]
[White "Madebrink, Lars"]
[Black "Astrom, Goran"]
[Result "0-1"]
[WhiteElo "2245"]
[BlackElo "2325"]

1.d4 Nf6 2.c4 e6 3.g3 Bb4+ 4.Bd2 Qe7 5.Bg2 Nc6 6.Nf3 Bxd2+ 7.Nbxd2 d6 8.O-O a5
9.e4 e5 10.d5 Nb8 11.Ne1 h5 12.Nd3 h4 13.f4 hxg3 14.hxg3 Ng4 15.Re1 Qf6 16.f5 Qg5
17.Nf3 Qh6 18.Qd2 Qxd2 19.Nxd2 Na6 20.Bf3 Nf6 21.a3 a4 22.Kg2 Ke7 23.Rac1 b6
24.g4 Nd7 25.g5 Ndc5 26.Nf2 Bd7 27.Rh1 b5 28.Be2 b4 29.Ng4 Rag8 30.Rxh8 Rxh8
31.Rh1 Rxh1 32.Kxh1 bxa3 33.bxa3 Nb3 34.Nb1 Nac5 35.Nc3 Nd2 36.Nf2 Bc8 37.Bd1 Nxc4
38.Nxa4 Nxa4 39.Bxa4 Nxa3 40.Ng4 Nc4 41.Kg2 Nd2 42.Bc2 Bd7 43.Kf2 c5 44.dxc6 Bxc6
45.Ke3 Nc4+ 46.Kd3 Nb6 47.Bb3 Nd7 48.Ke3 Nc5 49.Bc2 Ba4 50.Bb1 Bb3 51.f6+ gxf6
52.Nxf6 Ne6 53.Nh7 Bd1 54.Ba2 Bh5 55.Bxe6 Kxe6 56.Nf6 Bd1 57.Ne8 Bb3 58.Ng7+ Kd7
59.Nf5 d5 60.exd5 Bxd5 61.Nh4 Ke6 62.Kd3 Ba2 63.Ke3 Bb1 64.Kf3 Bg6 65.Ke3 Bh7
66.Kf3 Bc2 67.Ke3 Bg6 68.Kf3 Kd5 69.Ke3 Be4 70.Kd2 Kd4 71.Ke2 Bg6 72.Kf2 Ke4
73.Kg3 Ke3 74.Nf3 Ke4 75.Nh4 Bh5 76.Ng2 Kf5 77.Kh4 Bg6 78.Ne3+ Kf4 79.Nd5+ Kf3  0-1